000 00423nam a2200193Ia 4500
000 00746ngmaa2200277 a 4500
003 RNL
006 g||||fr|||| a0| fz
007 hj bfb|||baap
008 090707b ii f a fnsan d
040 _aeng
100 _aGill,Mohinder Kaur
245 _aViharak Punjabi
250 _a1st
260 _aDelhi,
260 _bManpreet Prakashan
260 _c2013
942 _cBK
999 _c23999
_d23999